| 000 | 02045cam a2200505Ia 4500 | ||
|---|---|---|---|
| 001 | sjds1051971 | ||
| 003 | sjds | ||
| 005 | 20171129190013.0 | ||
| 008 | 100320s2010 nyuab j 000 1 spa d | ||
| 020 |
_a9780545238502 (pbk.) : _c$5.99 |
||
| 020 |
_a0545238501 (pbk.) : _c$5.99 |
||
| 035 | _a433198 | ||
| 035 | _z(OCoLC)645357920 | ||
| 035 | _a(OCoLC)567195296 | ||
| 035 | _a433198 | ||
| 040 |
_aBTCTA _beng _cBTCTA _dON8 _dKCK _dON8 _dIFA _dUtOrBLW |
||
| 041 | 1 |
_aspa _heng |
|
| 049 | _aIFAA | ||
| 099 | _aCHILDREN ESPANOL FICTION STINE 2010 | ||
| 100 | 1 |
_aStine, R. L., _eauthor. |
|
| 240 | 1 | 0 |
_aScream of the haunted mask. _lSpanish |
| 245 | 1 | 3 |
_aEl grito de la máscara maldita / _cR.L. Stine ; [translated by Iñigo Javaloyes]. |
| 260 |
_aNew York : _bScholastic, _c2010. |
||
| 264 | 1 |
_aNew York : _bScholastic, _c2010. |
|
| 300 |
_a139 pages : _billustrations, map ; _c20 cm. |
||
| 336 |
_atext _btxt _2rdacontent |
||
| 337 |
_aunmediated _bn _2rdamedia |
||
| 338 |
_avolume _bnc _2rdacarrier |
||
| 490 | 1 |
_aEscalofríos HorrorLandia ; _vno. 4 |
|
| 500 | _a"Originally published in English as Goosehumps HorrorLand #4: The scream of the haunted mask"--T.p. verso. | ||
| 520 | _aCarly Beth, having survived one Halloween encounter with the haunted mask, is very troubled when the green, drooling rubber face begins calling out to her again. | ||
| 521 | 2 | _a8-12. | |
| 526 | 0 |
_aAccelerated Reader _bMG _c3.3 _d3.0 _z126977SP |
|
| 650 | 0 |
_aMasks _vJuvenile fiction. |
|
| 650 | 0 |
_aAmusement parks _vJuvenile fiction. |
|
| 650 | 0 |
_aSpanish language materials _xBilingual _vJuvenile literature. |
|
| 650 | 7 |
_aMáscaras _vNovela juvenil. _2bidex |
|
| 650 | 7 |
_aParques de diversiones _vNovela juvenil. _2bidex |
|
| 650 | 7 |
_aMateriales bilingües en español _vLiteratura juvenil. _2bidex |
|
| 650 | 7 |
_aCuentos populares de terror _vLiteratura juvenil. _2bidex |
|
| 650 | 0 |
_aHorror tales _vJuvenile literature. |
|
| 700 | 1 | _aJavaloyes, Iñigo. | |
| 800 | 1 |
_aStine, R. L. _tGoosebumps HorrorLand. _lSpanish ; _vno. 4. |
|
| 942 |
_cBK _2ddc |
||
| 999 |
_c17443 _d17443 |
||